Statistics for Top 15 Countries with Covid-19 Deaths - 11 July

Click here to take the quiz!

General Stats

  • This quiz has been taken 7 times
  • The average score is 17 of 19

Answer Stats

country% Correct
Belgium
100%
Brazil
100%
France
100%
Iran
100%
Italy
100%
Russia
100%
Spain
100%
Sweden
100%
United Kingdom
100%
United States
100%
Germany
86%
India
86%
Mexico
86%
Netherlands
86%
Peru
86%
Canada
71%
Chile
71%
Ecuador
43%
Ireland
43%

Score Distribution

Percentile by Number Answered

Percent of People with Each Score

Your Score History

You have not taken this quiz